LEADER 05241nam 22005653 450 001 996509968103316 005 20230513061101.0 024 7 $a10.1332/9781447340423 035 $a(CKB)4100000002152761 035 $a(OAPEN)643791 035 $a(oapen)https://directory.doabooks.org/handle/20.500.12854/37183 035 $a(DE-B1597)646829 035 $a(DE-B1597)9781447340423 035 $a(MiAaPQ)EBC6859148 035 $a(Au-PeEL)EBL6859148 035 $a(OCoLC)1030816779 035 $a(EXLCZ)994100000002152761 100 $a20230513d2018 uy 0 101 0 $aeng 135 $auuuuu---auuuu 181 $ctxt$2rdacontent 182 $cc$2rdamedia 183 $acr$2rdacarrier 200 10$aPioneering Ethics in a Longitudinal Study $eThe early development of the ALSPAC Ethics and Law Committee 205 $a1st ed. 210 1$aBristol :$cPolicy Press,$d2018. 210 4$d©2018. 215 $a1 online resource (136) 311 $a1-4473-4038-8 311 $a1-4473-4042-6 327 $tFront Matter --$tContents --$tList of figures and photographs --$tList of abbreviations --$tAuthors and contributors, with current positions --$tAcknowledgements --$tForeword --$tPreface --$tIntroduction --$tALSPAC Ethics and Law Committee: a new concept --$tPreliminaries and pioneers: framing the questions --$tInformal or casual: an unusual style --$tAdvisory to independent: a missed opportunity --$tBureaucratic battles: liaison with Local Research Ethics Committees --$tPolicy development: a case of case law --$tConfidentiality and anonymity: a rod for their own backs --$tInformed consent: too much information --$tChild protection: an observational study? --$tDisclosure of individual results: foreseen feedback and incidental findings --$tDisclosure of individual results: participants' requests --$tParticipants' problems: people not policies --$tExternal databases: anonymous linkage --$tBeyond policy: a broad remit --$tRetention of the Cohort: incentives or inducements --$tCommercial collaborations: selling our souls --$tComprehensive oversight: undocumented and unacknowledged --$tInfluence beyond ALSPAC: extension of expertise --$tConclusions --$tPostscript --$tNotes --$tReferences --$tALSPAC Steering Committee: founding members --$tALSPAC Ethics and Law Committee members: appointed 1990-2005 --$tLetter to participants: further information concerning confidentiality --$tYoung Mothers paper by Elizabeth Mumford --$tThe Children of the Nineties study (ALSPAC) and collaboration with pharmaceutical companies --$tIndex 330 $a"Available Open Access under CC-BY-NC licence The Avon Longitudinal Study of Parents and Children (ALSPAC), also known as Children of the 90s, is a world-leading birth cohort study that uniquely enrolled participants in utero and obtained genetic material from a geographic population. It instigated the innovative but controversial ALSPAC Ethics and Law Committee. This book describes in detail the early work of this Committee, from establishing the core ethical principles necessary to protect participants, to the evolution of policies concerning confidentiality and anonymity, consent, non-intervention and disclosure of individual results, data access and security. Quotes from interviews with early members of the Committee reflect not only on its pioneering work but also on the unusual style and inspirational leadership of the first Chair, Professor Michael Furmston. This will be of interest to those involved in other cohort studies in understanding the evolution of ethical policies as ALSPAC developed." The Avon Longitudinal Study of Parents and Children (ALSPAC), also known as Children of the 90s, is a world-leading birth cohort study that uniquely enrolled participants in utero and obtained genetic material from a geographic population. It instigated the innovative but controversial ALSPAC Ethics and Law Committee. This book describes in detail the early work of this Committee, from establishing the core ethical principles necessary to protect participants, to the evolution of policies concerning confidentiality and anonymity, consent, non-intervention and disclosure of individual results, data access and security. Quotes from interviews with early members of the Committee reflect not only on its pioneering work but also on the unusual style and inspirational leadership of the first Chair, Professor Michael Furmston. This will be of interest to those involved in other cohort studies in understanding the evolution of ethical policies as ALSPAC developed." 606 $aAge groups: children$2bicssc 610 $aavon longitudinal study of parents and children 610 $achildren of the 90s 610 $alongitudinal birth cohorts 610 $aresearch ethics committees 610 $agenetic epidemiology 610 $aInstitutional review board 610 $aJean Golding 610 $aNational Health Service 615 7$aAge groups: children 700 $aBirmingham$b Karen$0902831 801 0$bMiAaPQ 801 1$bMiAaPQ 801 2$bMiAaPQ 906 $aBOOK 912 $a996509968103316 996 $aPioneering Ethics in a Longitudinal Study$93242418 997 $aUNISA LEADER 02975nam 2200781z- 450 001 9910619469703321 005 20231214132943.0 010 $a3-0365-5318-5 035 $a(CKB)5670000000391577 035 $a(oapen)https://directory.doabooks.org/handle/20.500.12854/93267 035 $a(EXLCZ)995670000000391577 100 $a20202210d2022 |y 0 101 0 $aeng 135 $aurmn|---annan 181 $ctxt$2rdacontent 182 $cc$2rdamedia 183 $acr$2rdacarrier 200 10$aRecent Developments and Applications in Tissue Mechanics and Tissue Engineering 210 $cMDPI - Multidisciplinary Digital Publishing Institute$d2022 215 $a1 electronic resource (82 p.) 311 $a3-0365-5317-7 330 $aTissue mechanics and tissue engineering are multidisciplinary and interconnected fields that are studied at multiple scales by integrating knowledge in biology, solid mechanics, fluid dynamics, finite element modeling, imaging, electronics, automation, and design. Experimental, computational, and combined approaches are often used to investigate the structure?function relationships in tissues and to understand how their mechanics and biological pathways are altered in injury, disease, or regeneration. The objective of this Special Issue is to present recent methods for the investigation of tissue mechanics and tissue engineering or for combined research between the two fields. 606 $aTechnology: general issues$2bicssc 606 $aChemical engineering$2bicssc 610 $aabdominal aortic aneurysm 610 $abiaxial testing 610 $amechanical properties 610 $ain vivo strain 610 $awall shear stress 610 $ainflammation 610 $aregional variations 610 $aheterogeneity 610 $aGoldmann tonometry 610 $aintraocular pressure 610 $aglaucoma 610 $ainflation tests 610 $apig eyes 610 $acorneal stiffness 610 $aretina 610 $atissue engineering 610 $aretina regeneration 610 $abiofabrication 610 $a3D bioprinting 610 $aelectrospinning 610 $aophthalmology 610 $ahematopoietic 610 $aCD34 610 $aprogenitor 610 $astem cells 610 $amicroencapsulation 610 $achitosan 610 $aalginate 610 $aproliferation 610 $amegakaryocyte 610 $aanimal model 610 $adermal regeneration 610 $aIntegra 610 $aMatriderm 610 $askin substitute 610 $awound healing 615 7$aTechnology: general issues 615 7$aChemical engineering 700 $aBoschetti$b Federica$4edt$01280983 702 $aBoschetti$b Federica$4oth 906 $aBOOK 912 $a9910619469703321 996 $aRecent Developments and Applications in Tissue Mechanics and Tissue Engineering$93017792 997 $aUNINA LEADER 01712oas 2200637 a 450 001 9910131838903321 005 20251015213014.0 011 $a2328-2002 035 $a(DE-599)ZDB2538518-5 035 $a(OCoLC)300516480 035 $a(CONSER) 2010234739 035 $a(CKB)110978978554205 035 $a(EXLCZ)99110978978554205 100 $a20090130b19812005 uy a 101 0 $aeng 135 $aur||||||||||| 181 $ctxt$2rdacontent 182 $cc$2rdamedia 183 $acr$2rdacarrier 200 10$aText $etransactions of the Society for Textual Scholarship 210 $aNew York $cAMS Press$d©1984-©2005 300 $aPublished: Ann Arbor : University of Michigan Press, v. 7 (1994)--v. 16 (2006); Bloomington, Indiana : Society for Textual Scholarship, v. 17 (2005). 311 08$a0736-3974 606 $aCriticism, Textual$vPeriodicals 606 $aCritique textuelle 606 $aCriticism, Textual$2fast$3(OCoLC)fst00883762 608 $aPeriodicals.$2fast 608 $aPeriodicals.$2lcgft 615 0$aCriticism, Textual 615 6$aCritique textuelle. 615 7$aCriticism, Textual. 676 $a801/.959/05 712 02$aSociety for Textual Scholarship 801 0$bOCLCE 801 1$bOCLCE 801 2$bOCLCQ 801 2$bEYM 801 2$bHUL 801 2$bOCLCQ 801 2$bDLC 801 2$bOCLCF 801 2$bOCLCQ 801 2$bGILDS 801 2$bOCLCO 801 2$bVT2 801 2$bSFB 801 2$bOCLCQ 801 2$bU3W 801 2$bOCLCQ 801 2$bOCLCL 801 2$bVLW 801 2$bUEJ 906 $aJOURNAL 912 $a9910131838903321 996 $aText$9649997 997 $aUNINA